[Event "Titled Tuesday intern op 24th Oct Late"]
[Site "Chess.com INT"]
[Date "2023.10.24"]
[Round "11"]
[White "Clawitter, Craig"]
[Black "Bouget, Alexandre"]
[Result "1-0"]
[WhiteElo "2050"]
[BlackElo "2237"]
[PlyCount "97"]
[EventDate "2023.10.24"]
[EventType "swiss (blitz)"]
[EventRounds "11"]
[EventCountry "USA"]
[SourceTitle "Mega2024 Update 01"]
[Source "Chessbase"]
[SourceDate "2023.11.12"]
[SourceVersion "1"]
[SourceVersionDate "2023.11.12"]
[SourceQuality "1"]

1. e4 g6 2. d4 Bg7 3. Nc3 d6 4. Be3 a6 5. Qd2 b5 6. Bd3 Bb7 7. Nf3 Nd7 8. h3 c5 9. 0-0 c4 10. Be2 b4 11. Nd5 e6 12. Nf4 Bxe4 13. Qxb4 Qc7 14. Qxc4 Qxc4 15. Bxc4 Bxf3 16. gxf3 d5 17. Be2 Ne7 18. Nd3 Nf5 19. c3 Ke7 20. Rfe1 Nb6 21. b3 Rhc8 22. Nc5 a5 23. Ba6 Rxc5 24. dxc5 Nd7 25. Bb7 Rb8 26. c6 Nd6 27. Ba7 Bxc3 28. Bxb8 Nxb8 29. c7 Nd7 30. Rac1 Bxe1 31. Rxe1 Nc5 32. c8Q Nxc8 33. Bxc8 Nd3 34. Rd1 Nf4 35. Ba6 Nxh3+ 36. Kg2 Nf4+ 37. Kf1 Kd6 38. a3 Kc5 39. Rc1+ Kb6 40. Be2 h5 41. b4 h4 42. Bd1 h3 43. Kg1 axb4 44. axb4 Nd3 45. Rb1 Kc6 46. Be2 Nf4 47. Bf1 d4 48. Kh2 d3 49. Bxh3 1-0

[Event "Titled Tuesday intern op 26th Sep Early"]
[Site "Chess.com INT"]
[Date "2023.09.26"]
[Round "11"]
[White "Clawitter, Craig"]
[Black "Garcia Correa, Jose Ricardo"]
[Result "1-0"]
[WhiteElo "2050"]
[BlackElo "2103"]
[PlyCount "37"]
[EventDate "2023.09.26"]
[EventType "swiss (blitz)"]
[EventRounds "11"]
[EventCountry "USA"]
[SourceTitle "EXT 2024"]
[Source "ChessBase"]
[SourceDate "2023.10.10"]
[SourceVersion "1"]
[SourceVersionDate "2023.10.10"]
[SourceQuality "1"]

1. e4 e5 2. Nc3 Bc5 3. Nf3 d6 4. d4 exd4 5. Nxd4 c6 6. Be3 Qf6 7. Be2 Ne7 8. 0-0 Ng6 9. Na4 Bb4 10. a3 Ba5 11. Nb3 Bc7 12. Re1 0-0 13. Nc3 Re8 14. Bd4 Qg5 15. Bf1 Nf4 16. Qf3 Bg4 17. Qg3 d5 18. exd5 Nd7 19. Kh1 1-0

[Event "Titled Tuesday intern op 26th Sep Early"]
[Site "Chess.com INT"]
[Date "2023.09.26"]
[Round "7"]
[White "Melikhov, Evgeny V"]
[Black "Clawitter, Craig"]
[Result "1-0"]
[WhiteElo "2208"]
[BlackElo "2050"]
[PlyCount "73"]
[EventDate "2023.09.26"]
[EventType "swiss (blitz)"]
[EventRounds "11"]
[EventCountry "USA"]
[SourceTitle "EXT 2024"]
[Source "ChessBase"]
[SourceDate "2023.10.10"]
[SourceVersion "1"]
[SourceVersionDate "2023.10.10"]
[SourceQuality "1"]

1. d4 e6 2. c4 Nf6 3. Nc3 d5 4. cxd5 exd5 5. Bg5 c6 6. Qc2 Be7 7. e3 0-0 8. Bd3 Nbd7 9. Nf3 Re8 10. 0-0 Nf8 11. h3 g6 12. Ne5 Ne6 13. Bh6 Ng7 14. Rab1 a5 15. a3 Bf5 16. b4 Bxd3 17. Qxd3 Nf5 18. Bf4 Nd7 19. b5 Nxe5 20. Bxe5 Bxa3 21. bxc6 bxc6 22. Nxd5 cxd5 23. Qxa3 a4 24. Rb5 Qe7 25. Rc5 f6 26. Bf4 Kg7 27. Rb1 Rec8 28. Rbb5 Rxc5 29. Rxc5 Rc8 30. Qxa4 Rxc5 31. dxc5 Qxc5 32. Qd7+ Kg8 33. g4 Nh4 34. Bh6 Nf3+ 35. Kg2 Ne1+ 36. Kg3 Nd3 37. Qg7# 1-0

[Event "Titled Tuesday intern op 26th Sep Early"]
[Site "Chess.com INT"]
[Date "2023.09.26"]
[Round "10"]
[White "Tymrakiewicz, Rafal"]
[Black "Clawitter, Craig"]
[Result "1-0"]
[WhiteElo "2131"]
[BlackElo "2050"]
[PlyCount "85"]
[EventDate "2023.09.26"]
[EventType "swiss (blitz)"]
[EventRounds "11"]
[EventCountry "USA"]
[SourceTitle "EXT 2024"]
[Source "ChessBase"]
[SourceDate "2023.10.10"]
[SourceVersion "1"]
[SourceVersionDate "2023.10.10"]
[SourceQuality "1"]

1. d4 e6 2. e4 d5 3. exd5 exd5 4. Bd3 Bd6 5. Qf3 Nc6 6. Ne2 Nf6 7. Bg5 h6 8. Bxf6 Qxf6 9. Qxf6 gxf6 10. c3 Ne7 11. Ng3 h5 12. Nd2 h4 13. Ngf1 h3 14. g3 f5 15. f4 Ng8 16. Ne3 Ne7 17. Nf3 c6 18. Kd2 Bd7 19. Raf1 0-0-0 20. Nh4 Rh5 21. b4 Kc7 22. Nf3 Re8 23. Rb1 a6 24. a4 Nc8 25. Ne5 Be6 26. b5 axb5 27. axb5 f6 28. Nf3 Bf8 29. bxc6 bxc6 30. Ra1 Nd6 31. Ra7+ Kb6 32. Ra6+ Kc7 33. Rb1 Rb8 34. Ra7+ Rb7 35. Rbxb7+ Nxb7 36. Nh4 Kb8 37. Ra6 Kc7 38. Nhxf5 Bxf5 39. Nxf5 Nd6 40. Nxd6 Bxd6 41. Ra7+ Kd8 42. Be2 Rh8 43. Ra8+ 1-0